Death by a Thousand Cuts - Taylor Swift Lyrics - Statistics

General Stats
  • This quiz has been taken 5,293 times
  • The average score is 355 of 416
Answer Stats
Lyrics % Correct
I
99%
"I
99%
a
98%
by
98%
cut
98%
death
98%
thousand
98%
cuts
96%
cuts)
96%
it
95%
It
95%
me
95%
My
95%
(My
95%
My)
95%
my
95%
say
95%
you
95%
You
95%
the
94%
The
94%
is
93%
Is
93%
it's
93%
It's
93%
(It's
93%
love
93%
no
93%
No
93%
of
93%
to
92%
up
92%
but
91%
But
91%
not
91%
when
91%
your
91%
Saying
90%
saying
90%
enough
89%
goodbye
89%
we
89%
and
88%
And
88%
baby
88%
body
87%
'Cause
87%
didn't
87%
this
87%
was
87%
you're
87%
be
86%
in
86%
part
86%
that
86%
touch
86%
find
85%
get
85%
look
85%
on
84%
Trying
84%
drunk
83%
Flashbacks
83%
comes
82%
morning
82%
windows
82%
alright
81%
for
81%
through
81%
don't
80%
hips
80%
if
80%
know"
80%
like
80%
Our
80%
our
80%
take
80%
okay
79%
still
79%
so
78%
They
78%
thin
78%
bad
77%
heart
77%
just
77%
lights
77%
now
77%
Now
77%
ask
76%
can't
76%
I'm
76%
traffic
76%
drug
75%
Even
75%
hand
75%
land
75%
stand
75%
them
75%
wasn't
75%
Gave
74%
pretend
74%
home
73%
it'll
73%
long
73%
One
73%
though
73%
time
73%
United
73%
waking
73%
way
73%
am
72%
country
72%
guess
72%
here
72%
I'll
72%
lawless
72%
why
72%
Paper
71%
paper
71%
said
71%
ages
70%
haunted
70%
over
70%
pages?
70%
searching
70%
writing
69%
great
68%
signs
67%
spirit
67%
flicker
66%
much
66%
what
66%
story's
65%
wine
65%
boarded
64%
club
64%
trust
64%
once
63%
only
63%
ours
63%
thing
63%
town
63%
one's
62%
share
61%
small
61%
kill
60%
see
60%
songs
59%
with
59%
Chandeliers
58%
fears
57%
everywhere
55%
plans
55%
stings
55%
films
54%
from
51%
Quiet
49%
dress
46%
No matching quizzes found
Score Distribution
Percent of People with Each Score
Percentile by Number Answered
Your Score History
You have not taken this quiz